Statistics for General Knowledge Quiz #198

Click here to take the quiz!

General Stats

  • This quiz has been taken 36,980 times
    (21,588 since last reset)
  • The average score is 10 of 20

Answer Stats

QuestionAnswer% Correct
What country's flag is half blue, half yellow?Ukraine
87%
What is the name for the afternoon break observed in Spain?Siesta
86%
What tennis score comes before 15?Love
78%
On what island would you find the town of Corleone, ancestral home of the famous
fictional crime family from "The Godfather"?
Sicily
73%
In what city does the musical "Rent" take place?New York City
70%
What country was home to artist Frida Kahlo?Mexico
67%
What word comes before "comfort", "front", "turkey", and "fusion"?Cold
56%
What computer company was the world's most valuable corporation in 1970?IBM
54%
What two words were written on the cake that Alice ate to make her grow larger?Eat Me
51%
What is the term for a word that sounds like another word, but has a different meaning?Homophone
51%
What Italian word refers to the conductor of a symphony orchestra?Maestro
50%
Who is the claimed painter of "Salvator Mundi", the most expensive painting
ever sold at $450.3 million?
Leonardo da Vinci
43%
What extremely contagious disease was declared eradicated in the
United States in 2000, but has since returned?
Measles
43%
Who was the more famous bandmate of Chris Kirkpatrick, Joey Fatone,
Lance Bass, and JC Chasez?
Justin Timberlake
36%
What is a pollywog?A young frog or toad
34%
Who wrote about a sorcerer named Prospero?William Shakespeare
34%
What huge city in southern China was formerly known as Canton?Guangzhou
33%
What movie, starring Robin Williams, is about a doctor who uses humor
to help his patients get better?
Patch Adams
29%
The Olympic motto is "Citius, Altius, Fortius". What does it mean in English?Faster, Higher, Stronger
27%
What scientist appears on some British £10 notes?Charles Darwin
26%

Score Distribution

Percentile by Number Answered

Percent of People with Each Score

Your Score History

You have not taken this quiz since the last reset